The mentoring advantage : (Record no. 25)

MARC details
000 -LEADER
fixed length control field 00470nam a2200169 a 4500
005 - DATE AND TIME OF LATEST TRANSACTION
control field 20260322212003.0
008 - FIXED-LENGTH DATA ELEMENTS--GENERAL INFORMATION
fixed length control field data
020 ## - INTERNATIONAL STANDARD BOOK NUMBER
International Standard Book Number 1878542990
020 ## - INTERNATIONAL STANDARD BOOK NUMBER
International Standard Book Number 9781878542991
092 ## - LOCALLY ASSIGNED DEWEY CALL NUMBER (OCLC)
Classification number 658.3 G76 1995
001 - CONTROL NUMBER
control field data
100 1# - MAIN ENTRY--PERSONAL NAME
Personal name Grout, Pam.
245 14 - TITLE STATEMENT
Title The mentoring advantage :
Remainder of title how to help your career soar to new heights /
Statement of responsibility, etc. Pam Grout.
260 ## - PUBLICATION, DISTRIBUTION, ETC.
Place of publication, distribution, etc. Mission, KS :
Name of publisher, distributor, etc. SkillPath Publications, ;
Date of publication, distribution, etc. 1995.
300 ## - PHYSICAL DESCRIPTION
Extent 50 p. : ill. ;
Other physical details 21 cm.
650 #0 - SUBJECT ADDED ENTRY--TOPICAL TERM
Topical term or geographic name entry element Mentoring in business
Holdings
Withdrawn status Lost status Damaged status Not for loan Home library Current library Shelving location Date acquired Total checkouts Full call number Barcode Date last seen Price effective from Koha item type
        Franklin Franklin General stacks 22/03/2026   GEN BC0010025 22/03/2026 22/03/2026 Books